[Event "19th HZ Open 2015"]
[Site "Vlissingen NED"]
[Date "2015.08.02"]
[Round "3.2"]
[White "Van Wely, Loek"]
[Black "Beerdsen, Thomas"]
[Result "1-0"]
[WhiteTitle "GM"]
[BlackTitle "FM"]
[WhiteElo "2654"]
[BlackElo "2319"]
[WhiteFideId "1000268"]
[BlackFideId "1030108"]
[EventDate "2015.08.01"]

1. Nf3 Nf6 2. g3 b6 3. Bg2 Bb7 4. O-O e6 5. c4 Be7 6. d4 O-O 7. Nc3 Ne4 8. Bd2
Bf6 9. Rc1 Nxc3 10. Bxc3 d5 11. cxd5 exd5 12. Ne5 Re8 13. f4 Nd7 14. b4 Nf8 15.
Qb3 Ne6 16. Rfd1 Qd6 17. b5 a5 18. a4 Rad8 19. Bb2 Bxe5 20. dxe5 Qd7 21. Qc2 Qe7
22. f5 Nc5 23. Bd4 Rd7 24. Bxc5 bxc5 25. Qxc5 Qxe5 26. Bf3 Qf6 27. Qd4 Qb6 28.
Kf2 Red8 29. h4 h6 30. g4 Qd6 31. Kg2 Qe7 32. Rh1 Re8 33. Qf4 Ba8 34. Qd4 Rd6
35. Rc3 c6 36. Rc5 cxb5 37. axb5 Rb6 38. Ra1 Qxh4 39. Rxa5 h5 40. Ra6 hxg4 41.
Qxg4 Qf6 42. Rxb6 Qxb6 43. Rc8 Rd8 44. f6 Qxf6 45. Qd7 Rxc8 46. Qxc8+ Kh7 47.
Qxa8 Qg6+ 48. Kf2 Qb6+ 49. Kf1 Qxb5 50. Qxd5 Qb1+ 51. Kg2 Qg6+ 52. Kh3 f5 53.
Qd4 Qh6+ 54. Qh4 g5 55. Qxh6+ Kxh6 56. Kg3 Kg6 57. Bb7 Kf6 58. Kf3 Ke6 59. Ke3
Ke5 60. Bc8 Kf6 61. Kd4 g4 62. e3 Kg5 63. Ke5 g3 64. Bb7 Kg4 65. Bg2 Kg5 66. Bf3 1-0

[Event "19th HZ Open 2015"]
[Site "Vlissingen NED"]
[Date "2015.08.02"]
[Round "3.3"]
[White "De Jong, Migchiel"]
[Black "Landa, Konstantin"]
[Result "0-1"]
[WhiteTitle "IM"]
[BlackTitle "GM"]
[WhiteElo "2319"]
[BlackElo "2624"]
[WhiteFideId "1002848"]
[BlackFideId "4101685"]
[EventDate "2015.08.01"]

1. e4 c5 2. Nf3 e6 3. d4 cxd4 4. Nxd4 Nc6 5. g3 Nf6 6. Bg2 Qa5+ 7. Nc3 Bb4 8.
O-O O-O 9. Nb3 Qd8 10. Be3 Bxc3 11. bxc3 d5 12. exd5 Nxd5 13. Bc5 Re8 14. c4 Nb6
15. Qe2 e5 16. Rad1 Qf6 17. Rd6 Be6 18. Bxc6 bxc6 19. Na5 Rac8 20. Re1 Nd7 21.
Ba3 c5 22. Red1 Rc7 23. Bb2 Qf5 24. Rc6 Rxc6 25. Nxc6 f6 26. Bc3 h5 27. f3 Kh7
28. Ba5 Nb6 29. Nxa7 Nxc4 30. Bd8 Na3 31. Bb6 Bxa2 32. c3 Bb3 33. Ra1 e4 34.
fxe4 Rxe4 35. Qf2 Qe6 36. Bxc5 Re2 37. Qf3 Bd5 38. Qd3+ g6 39. Bf2 Nc4 40. Nb5
Ne5 41. Ra7+ Kg8 42. Qxe2 Nf3+ 43. Qxf3 Bxf3 44. Nd4 Qe4 45. Nxf3 Qxf3 46. Bd4
g5 47. Ra1 f5 48. Re1 h4 49. gxh4 Qg4+ 50. Kf1 Qxh4 51. Re2 Kf7 52. Be5 Kg6 53.
Kg2 Qg4+ 54. Kf2 Qh4+ 55. Ke3 f4+ 56. Kd2 Kf5 57. Bd4 Qh3 58. Re5+ Kg6 59. Re2
Qc8 60. Kd3 Qf5+ 61. Kc4 Kh5 62. Re5 Qc2 63. Kd5 Qxh2 64. c4 Qa2 65. Bc5 Qg2+
66. Ke6 Qc6+ 67. Bd6 Qxc4+ 68. Kf6 Qg8 69. Re6 Kg4 70. Re7 Qf8+ 71. Kg6 Qf5+ 72.
Kg7 f3 0-1

[Event "19th HZ Open 2015"]
[Site "Vlissingen NED"]
[Date "2015.08.02"]
[Round "3.4"]
[White "Krasenkow, Michal"]
[Black "Brink, Barry"]
[Result "1/2-1/2"]
[WhiteTitle "GM"]
[WhiteElo "2616"]
[BlackElo "2302"]
[WhiteFideId "1113100"]
[BlackFideId "1009451"]
[EventDate "2015.08.01"]

1. d4 Nf6 2. c4 e6 3. Nf3 Bb4+ 4. Nbd2 O-O 5. a3 Be7 6. b4 a5 7. b5 c5 8. dxc5
Bxc5 9. Bb2 a4 10. e3 d5 11. Qc2 Nbd7 12. cxd5 exd5 13. Bd3 Bd6 14. Bd4 Qe7 15.
Qb2 Nc5 16. Bc2 Bd7 17. Bc3 Rfe8 18. O-O Nce4 19. Nxe4 dxe4 20. Bxf6 Qxf6 21.
Qxf6 gxf6 22. Rfd1 exf3 23. Rxd6 Bxb5 24. gxf3 Re6 25. Rd4 Bc6 26. Bf5 Re5 27.
Rf4 Rd8 28. Bc2 Rg5+ 29. Kh1 Rd2 30. h4 Rc5 31. Bxa4 b5 32. Bd1 Rcd5 33. Bb3
R5d3 34. Rxf6 Rxb3 35. Rxc6 Rxf2 36. Rc8+ 1/2-1/2

[Event "19th HZ Open 2015"]
[Site "Vlissingen NED"]
[Date "2015.08.02"]
[Round "3.5"]
[White "Bezemer, Arno"]
[Black "Moradiabadi, Elshan"]
[Result "0-1"]
[WhiteTitle "FM"]
[BlackTitle "GM"]
[WhiteElo "2305"]
[BlackElo "2587"]
[WhiteFideId "1001396"]
[BlackFideId "12501255"]
[EventDate "2015.08.01"]

1. e4 e5 2. Nf3 Nc6 3. Bb5 a6 4. Ba4 Nf6 5. O-O Be7 6. Re1 b5 7. Bb3 O-O 8. a4
Rb8 9. d4 exd4 10. e5 Ne8 11. Nxd4 Nxd4 12. Qxd4 c5 13. Qd1 c4 14. Ba2 d5 15.
exd6 Bxd6 16. Nd2 Bb7 17. c3 Qc7 18. Nf1 Qc6 19. f3 Nf6 20. axb5 axb5 21. Bb1
Bc5+ 22. Be3 Rfe8 23. Bd4 Bxd4+ 24. cxd4 Qb6 25. Rxe8+ Rxe8 26. Ng3 g6 27. Bc2
h5 28. h3 h4 29. Ne2 Qe6 30. Nc3 Qe3+ 31. Kh1 Nh5 32. d5 b4 33. Nb5 Qf2 34. Be4
Ng3+ 35. Kh2 Nxe4 36. fxe4 Rxe4 0-1

[Event "19th HZ Open 2015"]
[Site "Vlissingen NED"]
[Date "2015.08.02"]
[Round "3.6"]
[White "Ernst, Sipke"]
[Black "Van Foreest, Lucas"]
[Result "1-0"]
[WhiteTitle "GM"]
[WhiteElo "2544"]
[BlackElo "2293"]
[WhiteFideId "1004689"]
[BlackFideId "1039792"]
[EventDate "2015.08.01"]

1. e4 e6 2. d3 c5 3. f4 d5 4. Be2 Nc6 5. Nf3 dxe4 6. dxe4 Qxd1+ 7. Bxd1 b6 8. c3
Bb7 9. Be3 O-O-O 10. Nbd2 Nf6 11. Bc2 Be7 12. h3 Nd7 13. O-O-O b5 14. Rhe1 Nb6
15. Nb3 Na4 16. e5 a6 17. Nbd2 Nb6 18. Ne4 Nd5 19. Bxc5 Bxc5 20. Nxc5 Nxf4 21.
Be4 Nxg2 22. Rg1 Rxd1+ 23. Kxd1 Rd8+ 24. Kc1 Ne3 25. Ng5 Rf8 26. Nxh7 Rg8 27.
Ng5 Rf8 28. Re1 Nf5 29. Rd1 Na5 30. Rd7 Ne3 31. b4 Bxe4 32. Ngxe4 Nac4 33. Nd6+
Nxd6 34. exd6 Nd5 35. Rb7 Nf6 36. d7+ Kd8 37. Rb8+ Ke7 38. Rxf8 e5 39. d8=Q# 1-0

[Event "19th HZ Open 2015"]
[Site "Vlissingen NED"]
[Date "2015.08.02"]
[Round "3.7"]
[White "Dardha, Arben"]
[Black "Werle, Jan"]
[Result "0-1"]
[WhiteTitle "FM"]
[BlackTitle "GM"]
[WhiteElo "2297"]
[BlackElo "2525"]
[WhiteFideId "4700481"]
[BlackFideId "1006088"]
[EventDate "2015.08.01"]

1. e4 c5 2. Nf3 e6 3. d4 cxd4 4. Nxd4 a6 5. c4 Nf6 6. Bd3 Nc6 7. Nxc6 dxc6 8.
O-O e5 9. Nc3 Bc5 10. h3 Be6 11. Qe2 Nd7 12. Be3 O-O 13. Rfd1 Qe7 14. Rac1 Rad8
15. Na4 Bd4 16. Bxd4 exd4 17. c5 Bxa2 18. Bc4 Bxc4 19. Rxc4 d3 20. Rxd3 Ne5 21.
Rxd8 Rxd8 22. Rc2 Rd4 23. Nb6 h6 24. Nc8 Qe6 25. Nd6 Nd7 26. f3 Nxc5 27. Nf5 Nb3
28. Qe1 Rd7 29. Qg3 Qf6 30. Qb8+ Kh7 31. Qe8 Rd8 32. Qe7 Qxe7 33. Nxe7 g6 34.
Rc3 Nd4 35. Rc4 Nb5 36. b4 Re8 37. Nxc6 bxc6 38. Rxc6 Re6 39. Rc8 Rb6 0-1

[Event "19th HZ Open 2015"]
[Site "Vlissingen NED"]
[Date "2015.08.02"]
[Round "3.8"]
[White "Ikonnikov, Vyacheslav"]
[Black "Neubronner, Jarred"]
[Result "1-0"]
[WhiteTitle "GM"]
[BlackTitle "FM"]
[WhiteElo "2519"]
[BlackElo "2280"]
[WhiteFideId "4100972"]
[BlackFideId "5801834"]
[EventDate "2015.08.01"]

1. d4 Nf6 2. Nf3 c5 3. d5 e6 4. Nc3 exd5 5. Nxd5 Nxd5 6. Qxd5 Be7 7. e4 Nc6 8.
Bc4 O-O 9. c3 d6 10. Bf4 Na5 11. Bd3 g6 12. Bc2 Be6 13. Qd2 Qb6 14. b3 Qa6 15.
Rd1 Rfe8 16. Bd3 b5 17. Be2 Qb7 18. O-O f6 19. c4 b4 20. Qc2 Qc7 21. h3 Nc6 22.
Be3 a5 23. Ne1 Ne5 24. f4 Nc6 25. f5 Bf7 26. fxg6 hxg6 27. Nd3 Bf8 28. Nf4 f5
29. Bf3 Bh6 30. exf5 gxf5 31. Bc1 Nd4 32. Rxd4 cxd4 33. Nd5 Bxd5 34. Bxd5+ Kg7
35. Bxh6+ Kxh6 36. Qxf5 Qg7 37. Bxa8 Rxa8 38. Qe6+ Qg6 39. Rf6 1-0

[Event "19th HZ Open 2015"]
[Site "Vlissingen NED"]
[Date "2015.08.02"]
[Round "3.9"]
[White "Stillger, Bernhard"]
[Black "Van Foreest, Jorden"]
[Result "0-1"]
[WhiteTitle "FM"]
[BlackTitle "IM"]
[WhiteElo "2279"]
[BlackElo "2519"]
[WhiteFideId "4610768"]
[BlackFideId "1039784"]
[EventDate "2015.08.01"]

1. d4 d5 2. Nf3 Nf6 3. c4 c6 4. cxd5 cxd5 5. Nc3 Nc6 6. Bf4 a6 7. Rc1 Nh5 8. Bd2
Nf6 9. Bf4 Nh5 10. Bd2 e6 11. e3 Bd6 12. Be2 O-O 13. O-O Nf6 14. a3 Ne4 15. Nxe4
dxe4 16. Ne1 e5 17. d5 Ne7 18. Qb3 b5 19. f3 exf3 20. Nxf3 e4 21. Nd4 Nxd5 22.
Nf5 Bxf5 23. Rxf5 Ne7 24. Rf2 Bxh2+ 25. Kxh2 Qxd2 26. Rd1 Qa5 27. Rd7 Qe1 28.
Rf4 Qxe2 29. Rxe7 Rad8 30. Rexe4 h6 31. Rd4 Rc8 32. Rg4 Rc5 33. Qd3 Rh5+ 34. Kg3
Qxb2 35. Rd5 Rxd5 36. Qxd5 Re8 37. Rf4 Rxe3+ 38. Kh2 Qe5 39. Qxf7+ Kh7 40. Kh1
Rxa3 0-1

[Event "19th HZ Open 2015"]
[Site "Vlissingen NED"]
[Date "2015.08.02"]
[Round "3.10"]
[White "Wunnink, Michael"]
[Black "Wan, Yunguo"]
[Result "0-1"]
[BlackTitle "IM"]
[WhiteElo "2253"]
[BlackElo "2472"]
[WhiteFideId "1005448"]
[BlackFideId "8603189"]
[EventDate "2015.08.01"]

1. d4 Nf6 2. c4 g6 3. Nc3 Bg7 4. e4 d6 5. Nf3 O-O 6. Be2 e5 7. d5 a5 8. Bg5 h6
9. Be3 Ng4 10. Bd2 f5 11. h3 Nf6 12. exf5 gxf5 13. Qc1 f4 14. g3 e4 15. Nh4 f3
16. Bf1 h5 17. Bh6 Qd7 18. Qg5 Qf7 19. O-O-O Re8 20. c5 Re5 21. Qf4 Bxh6 22.
Qxh6 Qg7 23. Qf4 Na6 24. Bxa6 bxa6 25. Rhe1 Rb8 26. Rd2 Rb4 27. a3 Rc4 28. Kd1
Rxc3 29. bxc3 Nxd5 30. Rxd5 Rxd5+ 31. Kc2 Rd3 32. Qxe4 Qxc3+ 33. Kb1 Qb3+ 0-1

[Event "19th HZ Open 2015"]
[Site "Vlissingen NED"]
[Date "2015.08.02"]
[Round "3.11"]
[White "Ankit, R. Rajpara"]
[Black "Donovan, Linton"]
[Result "1-0"]
[WhiteTitle "GM"]
[WhiteElo "2460"]
[BlackElo "2276"]
[WhiteFideId "5023335"]
[BlackFideId "202819"]
[EventDate "2015.08.01"]

1. e4 e6 2. d4 d5 3. Nd2 Be7 4. c3 c5 5. dxc5 Bxc5 6. Bd3 Nc6 7. Ngf3 Nf6 8. O-O
O-O 9. Qe2 Be7 10. e5 Nd7 11. Nb3 b6 12. Re1 Nc5 13. Bc2 Ba6 14. Qe3 f5 15. exf6
Rxf6 16. Nbd4 Bb7 17. Ng5 Rh6 18. Bxh7+ Rxh7 19. Nxh7 Kxh7 20. Qh3+ Kg8 21. Nxc6
Bxc6 22. b4 Bd7 23. bxc5 bxc5 24. Bf4 Bf6 25. Qg3 Qa5 26. Be5 Bxe5 27. Qxe5 Rf8
28. h3 Bc8 29. Reb1 Rf5 30. Qb8 Rf8 31. Qg3 d4 32. cxd4 cxd4 33. Rb8 Qd2 34. Ra8
Qb2 35. Rd1 Qxa2 36. Rc1 Qa6 37. Rc7 1-0

[Event "19th HZ Open 2015"]
[Site "Vlissingen NED"]
[Date "2015.08.02"]
[Round "3.12"]
[White "Warmerdam, Max"]
[Black "Stark, Lars"]
[Result "1/2-1/2"]
[BlackTitle "IM"]
[WhiteElo "2236"]
[BlackElo "2437"]
[WhiteFideId "1048104"]
[BlackFideId "4676386"]
[EventDate "2015.08.01"]

1. e4 e6 2. d4 d5 3. Nc3 Nf6 4. Bg5 dxe4 5. Nxe4 Be7 6. Bxf6 gxf6 7. Nf3 f5 8.
Nc3 a6 9. g3 b5 10. Bg2 Bb7 11. O-O O-O 12. Ne5 Bxg2 13. Kxg2 Ra7 14. a3 c5 15.
d5 b4 16. axb4 cxb4 17. Ne2 Qc7 18. Nd3 e5 19. Qd2 Rd8 20. Nxb4 Qb7 21. c3 a5
22. Qe3 Rd7 23. Nc6 Nxc6 24. dxc6 Qxc6+ 25. Kg1 f6 26. b4 Bd8 27. bxa5 Bxa5 28.
Qh6 Bb6 29. Rxa7 Rxa7 30. Qh5 Qd7 31. Kg2 Ra2 32. Rd1 Qxd1 33. Qe8+ Kg7 34. Qe7+
Kg6 35. Qe8+ 1/2-1/2

[Event "19th HZ Open 2015"]
[Site "Vlissingen NED"]
[Date "2015.08.03"]
[Round "4.1"]
[White "Jobava, Baadur"]
[Black "Wan, Yunguo"]
[Result "1/2-1/2"]
[WhiteTitle "GM"]
[BlackTitle "IM"]
[WhiteElo "2664"]
[BlackElo "2472"]
[WhiteFideId "13601520"]
[BlackFideId "8603189"]
[EventDate "2015.08.01"]

1. d4 Nf6 2. c4 g6 3. Nc3 Bg7 4. e4 d6 5. f4 O-O 6. Nf3 Na6 7. Be2 e5 8. fxe5
dxe5 9. d5 Nc5 10. Bg5 h6 11. Bxf6 Qxf6 12. b4 Na6 13. a3 c5 14. Rb1 Qb6 15. Qd2
Rd8 16. Bd1 Bd7 17. Qf2 Rac8 18. b5 Qa5 19. Qe3 Nc7 20. Nd2 Ne8 21. Na4 a6 22.
Qc3 Qxc3 23. Nxc3 a5 24. b6 Nd6 25. Ba4 Bxa4 26. Nxa4 h5 27. Ke2 Bh6 28. Nb3
Nxe4 29. Nxa5 Nd6 30. Rhd1 Bf8 31. Rb5 Nxb5 32. cxb5 Rd7 33. Nc4 e4 34. d6 Bg7
35. Rd5 Bd4 36. Nd2 Ra8 37. Nxc5 Bxc5 38. Rxc5 Rxd6 39. Nc4 Rd3 40. Rc7 Raxa3
41. Nxa3 Rxa3 42. Rxb7 Rb3 43. Rc7 Rxb5 44. b7 Kg7 45. Ke3 Rb4 46. h4 Kf6 47. g3
Ke6 48. Rc4 Rxb7 49. Rxe4+ Kf6 50. Rf4+ Kg7 51. Ra4 Rb6 52. Kf3 Kf6 53. Ra5 Rd6
54. Kf4 Rd4+ 55. Kf3 Ke6 56. Ra7 Rd7 57. Ra5 Rd1 58. Ra7 Rf1+ 59. Kg2 Rc1 60.
Kf3 Rc5 61. Kg2 f6 62. Kf3 Kf5 63. Ra3 Rd5 64. Rb3 Ke6 65. Ra3 Kd6 66. Ke4 Re5+
67. Kf3 Rf5+ 68. Ke3 Rf1 69. Ke2 Rc1 70. Kf3 Rc5 71. Re3 Rc4 72. Re8 Kd5 73. Rg8
Rg4 74. Ra8 f5 75. Ra5+ Kc6 76. Ra6+ Kb5 77. Rf6 Kc5 78. Ra6 Kb5 79. Rf6 Kc5 1/2-1/2

[Event "19th HZ Open 2015"]
[Site "Vlissingen NED"]
[Date "2015.08.03"]
[Round "4.2"]
[White "Admiraal, Miguoel"]
[Black "Van Wely, Loek"]
[Result "1/2-1/2"]
[WhiteTitle "FM"]
[BlackTitle "GM"]
[WhiteElo "2414"]
[BlackElo "2654"]
[WhiteFideId "1019716"]
[BlackFideId "1000268"]
[EventDate "2015.08.01"]

1. e4 c5 2. Nf3 e6 3. d4 cxd4 4. Nxd4 Nf6 5. Nc3 d6 6. Be2 a6 7. O-O Be7 8. f4
O-O 9. Be3 Nc6 10. Kh1 Bd7 11. Qe1 b5 12. a3 Qb8 13. Qg3 b4 14. axb4 Qxb4 15.
Nxc6 Bxc6 16. e5 dxe5 17. fxe5 Ne4 18. Nxe4 Bxe4 19. Bd3 Bg6 20. Bxg6 hxg6 21.
b3 Rac8 22. Qf2 Qe4 23. c4 Rb8 24. Bb6 Qxe5 25. Rxa6 Qc3 26. Qf3 Qb4 27. Qe3
Rfc8 28. h3 Bc5 29. Bxc5 Rxc5 30. Ra4 Qxb3 31. Qxb3 Rxb3 32. Ra8+ Kh7 33. Rxf7
Rxc4 34. Raa7 Kh6 35. Rxg7 e5 36. Rge7 Rc2 37. Rxe5 Rb1+ 38. Kh2 Rbb2 39. Kg3
Rxg2+ 40. Kf3 Rh2 41. Ree7 Rb3+ 42. Kf4 Rf2+ 43. Kg4 Rg2+ 44. Kf4 g5+ 45. Ke4
Re2+ 46. Kf5 Rf2+ 47. Ke4 Rf4+ 48. Kd5 Rd3+ 49. Kc5 Rc3+ 50. Kd5 Rd3+ 51. Kc5
Rf6 52. Kc4 Rd1 53. Rh7+ Kg6 54. Rhg7+ Kh5 55. Rh7+ Rh6 56. Rxh6+ Kxh6 57. Ra8
Kg7 58. Ra6 Rh1 59. Kd3 Rxh3+ 60. Ke2 Rh6 61. Rxh6 Kxh6 62. Kf3 Kh5 63. Kg3 g4
64. Kg2 Kh4 65. Kh2 g3+ 66. Kg2 Kg4 67. Kg1 Kf3 68. Kf1 g2+ 69. Kg1 Kg3 1/2-1/2

[Event "19th HZ Open 2015"]
[Site "Vlissingen NED"]
[Date "2015.08.03"]
[Round "4.3"]
[White "Landa, Konstantin"]
[Black "Ankit, R. Rajpara"]
[Result "1/2-1/2"]
[WhiteTitle "GM"]
[BlackTitle "GM"]
[WhiteElo "2624"]
[BlackElo "2460"]
[WhiteFideId "4101685"]
[BlackFideId "5023335"]
[EventDate "2015.08.01"]

1. e4 c6 2. d4 d5 3. Nc3 dxe4 4. Nxe4 Bf5 5. Ng3 Bg6 6. Nh3 e6 7. Nf4 Qc7 8. c3
Bd6 9. Qf3 Nf6 10. h4 Nbd7 11. h5 Bc2 12. h6 g6 13. Bd3 Bxd3 14. Nxd3 Qa5 15.
Bf4 Bxf4 16. Qxf4 Rg8 17. a3 g5 18. Qe3 O-O-O 19. O-O-O Nd5 20. Qe2 Nf4 21. Nxf4
gxf4 22. Ne4 Qc7 23. Qf3 f5 24. Nd2 c5 25. Kb1 cxd4 26. cxd4 Kb8 27. Rhe1 Rge8
28. Nb3 Ka8 29. Rc1 Qb6 30. Nc5 Nxc5 31. dxc5 Qc7 32. c6 b6 33. Red1 Kb8 34. Qh5
Rg8 35. Rxd8+ Rxd8 36. Qg5 a5 37. Rc4 Rd6 38. Qg8+ Ka7 39. Qg7 Kb8 40. Qg8+ Ka7
41. Qg7 Kb8 42. f3 Rd1+ 43. Ka2 Rd6 44. Qc3 Rd5 45. a4 e5 46. Qc2 Qf7 47. Qb3
Qc7 48. Rxf4 Qxc6 49. Rxf5 Rd4 50. Rf8+ Ka7 51. Rf7+ Kb8 52. Rg7 Rxa4+ 53. Kb1
Rc4 54. Qe3 Qd6 55. Qb3 Qc6 56. Qd1 Qxh6 57. Rg8+ Rc8 58. Rxc8+ Kxc8 59. Qd5
Qg6+ 1/2-1/2

[Event "19th HZ Open 2015"]
[Site "Vlissingen NED"]
[Date "2015.08.03"]
[Round "4.4"]
[White "Moradiabadi, Elshan"]
[Black "Van Delft, Merijn"]
[Result "1-0"]
[WhiteTitle "GM"]
[BlackTitle "IM"]
[WhiteElo "2587"]
[BlackElo "2410"]
[WhiteFideId "12501255"]
[BlackFideId "1004670"]
[EventDate "2015.08.01"]

1. d4 d5 2. c4 c6 3. Nf3 Nf6 4. e3 Bg4 5. Nc3 e6 6. h3 Bh5 7. Qb3 Qc7 8. Nh4 Be7
9. g4 Bg6 10. Nxg6 hxg6 11. Bg2 g5 12. Bd2 Nbd7 13. O-O-O Nb6 14. cxd5 exd5 15.
Kb1 O-O-O 16. Ne2 Nc4 17. Bc1 Nd6 18. f3 Qb6 19. Qc2 Nfe8 20. e4 Nc7 21. Ka1 Kb8
22. Rhe1 Rhe8 23. Nc3 Ndb5 24. Qb3 Nxc3 25. bxc3 Qxb3 26. axb3 Ne6 27. Bf1 Bf6
28. Kb1 Rh8 29. Rd2 Nf4 30. Rh2 c5 31. e5 Be7 32. dxc5 Bxc5 33. Rd1 Bg1 34. Rh1
Bb6 35. h4 Bf2 36. c4 d4 37. h5 Be3 38. Ba3 a5 39. Bd3 Nxd3 40. Rxd3 Kc7 41. Kc2
Kc6 42. Bd6 g6 43. Be7 Rde8 44. Bf6 Rh6 45. Bg7 Rh7 46. h6 Rg8 47. Rdd1 Bf4 48.
Rxd4 Rhxg7 49. hxg7 Bxe5 50. Rd5 Bxg7 51. Rh7 b6 52. Rxg5 Bf6 53. Rd5 Rf8 54. f4
Ba1 55. f5 gxf5 56. Rxf5 f6 57. g5 Kd6 58. gxf6 Ke6 59. Rf1 Bxf6 60. Rb7 1-0

[Event "19th HZ Open 2015"]
[Site "Vlissingen NED"]
[Date "2015.08.03"]
[Round "4.5"]
[White "Ten Hertog, Hugo"]
[Black "Ernst, Sipke"]
[Result "1/2-1/2"]
[WhiteTitle "FM"]
[BlackTitle "GM"]
[WhiteElo "2383"]
[BlackElo "2544"]
[WhiteFideId "1026356"]
[BlackFideId "1004689"]
[EventDate "2015.08.01"]

1. e4 e5 2. Nc3 Nf6 3. g3 d5 4. exd5 Nxd5 5. Bg2 Nxc3 6. bxc3 Nc6 7. Nf3 Be7 8.
O-O O-O 9. Re1 Bf6 10. Rb1 Rb8 11. d3 Bg4 12. h3 Be6 13. c4 Re8 14. Nd2 Qd7 15.
Kh2 Be7 16. Bb2 Bc5 17. Ne4 Bb4 18. Rf1 Be7 19. f4 exf4 20. gxf4 Nd4 21. Qh5 f6
22. Nc5 Bxc5 23. Qxc5 Nf5 24. Rbe1 b6 25. Qc6 Rbd8 26. Rg1 Kf7 27. Qf3 Kg8 28.
Qf2 Kh8 29. Be4 Qf7 30. Rg4 Nd6 31. Bc6 Bd7 32. Bd5 Qf8 33. Rh4 Nf5 34. Rg4 Qb4
35. c3 Qf8 36. Reg1 Be6 37. Be4 Rd7 38. c5 Nh6 39. Rh4 Bf5 40. c6 Rdd8 41. Bxf5
Nxf5 42. Rh5 g6 43. Rxg6 Qf7 44. Rxf5 hxg6 45. Rxf6 Qxf6 46. c4 Rd6 47. Bxf6+
Rxf6 48. Qd4 Rf8 49. Qe5 Rf7 50. d4 Kh7 51. Kg3 Rxc6 52. Kg4 Rcf6 53. d5 Rf5 54.
Qd4 R7f6 55. h4 Kh6 56. Qe4 Kg7 57. Qe7+ Rf7 58. Qe4 Kf8 59. Qe3 R7f6 60. Qe4
Kf7 61. Kg3 a6 62. a4 a5 63. Qe3 Kf8 64. Kg4 Kg7 65. Qe7+ Rf7 66. Qe4 Kf8 67.
Kg3 R7f6 68. Kg4 c6 69. dxc6 Rc5 70. Qd4 Rcxc6 71. Qd8+ Kg7 72. Qd7+ Kh6 73. Qe8 1/2-1/2

[Event "19th HZ Open 2015"]
[Site "Vlissingen NED"]
[Date "2015.08.03"]
[Round "4.6"]
[White "Werle, Jan"]
[Black "Van Overdam, Julian"]
[Result "1-0"]
[WhiteTitle "GM"]
[WhiteElo "2525"]
[BlackElo "2367"]
[WhiteFideId "1006088"]
[BlackFideId "1015303"]
[EventDate "2015.08.01"]

1. d4 Nf6 2. c4 e6 3. Nf3 Bb4+ 4. Nbd2 b6 5. a3 Bxd2+ 6. Bxd2 h6 7. e3 Bb7 8.
Bd3 d6 9. O-O Nbd7 10. Qe2 c5 11. Bc3 O-O 12. b4 Qe7 13. Rfd1 Ne4 14. Bb2 Rac8
15. dxc5 bxc5 16. b5 Ndf6 17. a4 d5 18. Ne5 Nd6 19. f3 Rfd8 20. Rac1 Nd7 21.
Nxd7 Rxd7 22. Qe1 Rdd8 23. Qg3 Ne8 24. Qf4 Qd6 25. Qxd6 Nxd6 26. cxd5 Bxd5 27.
e4 Bb3 28. Bc2 Bc4 29. Rd2 a6 30. b6 Nb7 31. Bc3 Rxd2 32. Bxd2 Rd8 33. Bc3 f6
34. a5 Bb5 35. Rd1 Rxd1+ 36. Bxd1 Kf7 37. f4 Ke7 38. e5 Kd7 39. exf6 gxf6 40.
Bf3 Kc8 41. g4 e5 42. fxe5 fxe5 43. Kf2 1-0

[Event "19th HZ Open 2015"]
[Site "Vlissingen NED"]
[Date "2015.08.03"]
[Round "4.7"]
[White "Mu, Ke"]
[Black "Ikonnikov, Vyacheslav"]
[Result "1/2-1/2"]
[BlackTitle "GM"]
[WhiteElo "2380"]
[BlackElo "2519"]
[WhiteFideId "8602778"]
[BlackFideId "4100972"]
[EventDate "2015.08.01"]

1. d4 Nf6 2. c4 e6 3. Nf3 b6 4. g3 Ba6 5. b3 d5 6. cxd5 exd5 7. Bg2 Bb4+ 8. Bd2
Bd6 9. Nc3 O-O 10. O-O Nbd7 11. Nh4 Re8 12. Re1 Bb7 13. Qc2 g6 14. Bg5 Be7 15.
Rac1 a6 16. Nf3 Nf8 17. Red1 Ne6 18. Bxf6 Bxf6 19. b4 Qd6 20. Qb3 Rad8 21. e3
Be7 22. a3 Bf8 23. Rc2 f6 24. Rdc1 Kh8 25. Ne2 Ra8 26. Bh3 c6 27. Rb1 a5 28.
bxa5 b5 29. a4 Rxa5 30. Nc3 Nc7 31. axb5 Nxb5 32. Rcc1 Ba6 33. Nxb5 Bxb5 34. Bf1
Rea8 35. Bxb5 Rxb5 36. Qc2 1/2-1/2

[Event "19th HZ Open 2015"]
[Site "Vlissingen NED"]
[Date "2015.08.03"]
[Round "4.8"]
[White "Van Foreest, Jorden"]
[Black "Palit, Somak"]
[Result "1-0"]
[WhiteTitle "IM"]
[BlackTitle "IM"]
[WhiteElo "2519"]
[BlackElo "2345"]
[WhiteFideId "1039784"]
[BlackFideId "5010454"]
[EventDate "2015.08.01"]

1. e4 e6 2. d4 d5 3. Nd2 dxe4 4. Nxe4 Nd7 5. Nf3 Ngf6 6. Nxf6+ Nxf6 7. g3 c5 8.
Bg2 cxd4 9. Qxd4 Qxd4 10. Nxd4 Bc5 11. Nb3 Bd6 12. Be3 Ng4 13. Bd4 O-O 14. h3
Ne5 15. O-O-O Bc7 16. Bc5 Re8 17. Bd6 Bxd6 18. Rxd6 Rb8 19. Rhd1 f6 20. R6d4 b6
21. Rd8 Kf8 22. Rxe8+ Kxe8 23. Nd4 Bd7 24. f4 Nc4 25. Bc6 Bxc6 26. Nxc6 Ra8 27.
b3 Ne3 28. Re1 Nd5 29. Rxe6+ Kd7 30. Nd4 Rc8 31. Re2 Nc3 32. Rd2 Ne4 33. Rd1 Nc3
34. Rd2 Ne4 35. Rd3 Rc3 36. Ne2+ Rxd3 37. cxd3 Nf2 38. Kd2 Nxh3 39. Ke3 g5 40.
Kf3 h5 41. Kg2 g4 42. Nd4 a6 43. Nf5 Ke6 44. Ne3 f5 45. d4 h4 46. d5+ Kf6 47. d6
hxg3 48. Kxg3 Ng1 49. d7 Ke7 50. Nxf5+ Kxd7 51. Nd4 Nh3 52. Kxg4 Nf2+ 53. Kg5
Kd6 54. f5 Ke5 55. Nf3+ Kd5 56. f6 Ne4+ 57. Kg6 Nxf6 58. Kxf6 b5 59. Ke7 Kc5 60.
a3 a5 61. Kd7 1-0

[Event "19th HZ Open 2015"]
[Site "Vlissingen NED"]
[Date "2015.08.03"]
[Round "4.9"]
[White "Hovenga, Alje"]
[Black "Krasenkow, Michal"]
[Result "0-1"]
[BlackTitle "GM"]
[WhiteElo "2232"]
[BlackElo "2616"]
[WhiteFideId "1005812"]
[BlackFideId "1113100"]
[EventDate "2015.08.01"]

1. d4 d6 2. e4 Nf6 3. Nc3 c6 4. f4 Qa5 5. e5 Ne4 6. Bd3 Nxc3 7. Qd2 g6 8. bxc3
Bh6 9. c4 Qxd2+ 10. Bxd2 Nd7 11. Nf3 Nb6 12. O-O d5 13. cxd5 cxd5 14. Nh4 e6 15.
g4 Bd7 16. Rad1 Rg8 17. Kh1 Nc4 18. Bc1 Rc8 19. h3 Rc6 20. Ng2 Ra6 21. Ne3 Nxe3
22. Bxe3 Rxa2 23. Ra1 Rxa1 24. Rxa1 a6 25. Bd2 Kd8 26. Kg2 Kc7 27. Kf3 Bf8 28.
Ke3 Be7 29. Ba5+ b6 30. Be1 a5 31. h4 a4 32. c3 a3 33. Kd2 Ba4 34. Bc2 b5 35.
Kc1 Kb6 36. Rb1 Ka6 37. Bb3 Bxb3 38. Rxb3 Rc8 39. Kb1 Rc4 40. Ka2 Ka5 41. Bd2
Ka4 42. Be1 b4 43. Rb1 bxc3 44. Rb7 c2 45. Bd2 Rxd4 46. Ra7+ Kb5 47. Bc1 Rd1 48.
Rxe7 Rxc1 49. Rc7 d4 0-1